000 00346 a2200133 4500
005 20250602133741.0
020 _a9788121910217
100 _aMISHRA,M.
245 _aInsurance:Principle and Practice
260 _aNew Delhi
_bS.Chand &Company Ltd
_c2012
300 _aviii, 826p.:ill.;graph,table,
_c24cm
700 _aMISHRA,S. B
942 _2ddc
_cBKS
999 _c3027
_d3027